Rainbow Six Siege Operator Trivia #1 - Statistics

General Stats
  • This quiz has been taken 627 times
  • The average score is 11 of 17
Answer Stats
Hint Answer % Correct
Wears an eyepatch Capitao
84%
The older of the two Bosak sisters Zofia
84%
Best you don't ask this operator what's in his canisters... Smoke
80%
Was taught that silence is a woman's best garment Ash
77%
Pranked his brother Cedric into resignation from the GSG 9 Bandit
74%
Was a very disliked operator after receiving many nerfs Blackbeard
72%
Only operator born in Uzbekistan Fuze
72%
Youngest of all the operators as of March 2018 Mute
70%
Operator who is also a very good artist Glaz
66%
Oldest of all the operators as of March 2018 Thatcher
63%
Tallest of all operators as of March 2018 Sledge
61%
Well-known for using humour as a distraction from stressful and dangerous operations Blitz
57%
Born in a Spanish city in Africa. Jackal
55%
Was born in the same city where famous composer J.S Bach died IQ
54%
Ash and this operator have somewhat of a rivalry Mira
51%
Operator that ^ was romatically aphiliated with Echo
48%
Fuze is disliked by this operator for having a complete disregard for civilian lives Ying
47%
No matching quizzes found
Score Distribution
Percent of People with Each Score
Percentile by Number Answered
Your Score History
You have not taken this quiz